00462 a2200169 4500001000700000020001800007040002200025041001600047082002300063100005700086245002800143250001600171260002900187362001300216490004000229500002300269135984 a9788535705973 cLeonardo Da Vinci aPortuguês a469.5 C392pbC392p aCEREJA, William RobertoaMAGALHÃES, Thereza Cochar aPortuguêsblinguagens a5. ed. v. 2 bAtualc2005aSão Paulo a20050000 aColeção Português, 2. série aLivro do professor